000 00584nam a2200217Ia 4500
005 20251118143113.0
008 230125s9999 xx 000 0 und d
020 _a9789380032085
041 _aeng
082 _a158.1
_bBAR
100 _aBarnes M
_9215056
245 _aSerious Fun : Adding Buzz to Meeting, Training and Communication
250 _a1st ed
260 _c2009
_bWestland Publications
_aMumbai
300 _a210p
500 _aPersonality Development,
650 _aPersonality Development
_9213420
700 _aBarnes M
_9215056
906 _b59
942 _cBK
999 _c89641
_d89641